000 00606nam a2200193Ia 4500
003 GCL
008 140319s9999 xx 000 0 ara d
040 _aGCL /
_cGCL
082 0 4 _a929.1
_bا ج
100 1 _aالاندلسى، ابومحمد على بن احمد
245 1 0 _aجمهرة انساب العرب /
_cالاندلسى، ابومحمد على بن احمد
260 _a[S.N] :
_bدار المعارف
300 _a695 ص
490 _a
650 0 4 _aالانساب العربية
650 0 4 _aالانساب والاعراق
650 0 4 _aالانساب - علم
942 _2ddc
_cBK
999 _c58676
_d58676